| 000 | 00514nas a22001697a 4500 | ||
|---|---|---|---|
| 999 |
_c1207 _d1207 |
||
| 008 | 130305t20009999ag ||||| |||| 00| 0 spa d | ||
| 245 | _aThe Journal of respiratory Diseases | ||
| 250 | _aEdicion Argentina | ||
| 260 |
_aBuenos Aires: _bAP Americana de Publicaciones, _c2000 |
||
| 300 | _av. : | ||
| 310 | _abimestral | ||
| 546 | _aespaƱol | ||
| 590 | _aExistencias: 2000 7(4) BAJA DEPOSITO (CAJA 19) MAYO 2019 | ||
| 650 |
_aNEUMONOLOGIA _91933 |
||
| 650 |
_aENFERMEDADES RESPIRATORIAS _91934 |
||
| 942 |
_2ddc _cCR |
||